| 000 | 00423nam a22001457a 4500 | ||
|---|---|---|---|
| 005 | 20160913122902.0 | ||
| 008 | 160913b xxu||||| |||| 00| 0 eng d | ||
| 050 | _aBX2182.2N997 | ||
| 100 |
_aNyoni, Joshua N. _98698 |
||
| 245 |
_aFaith and "lectio divina" _cby Nyoni, Joshua N. |
||
| 260 |
_aBulawayo _bilizwe Publications _c2013 |
||
| 300 |
_a55p.; _c23cm. |
||
| 650 |
_aMeditations _925744 |
||
| 942 |
_2lcc _cMONOGRAPH |
||
| 999 |
_c125225 _d125225 |
||